000 00532nam a2200193Ia 4500
005 20250326125107.0
008 250326s9999 xx 000 0 und d
037 _aTextbook
040 _aFMSL
_beng
_cFMSL
041 _aeng
_2eng
084 _aX:9 K8;L5
_qFMSL
100 _aStrauss G
245 0 _aPersonnel: humna problems of management
_cStrauss G; Sayles L R
250 _a3
260 _aNew Delhi
_bNew Delhi, Prentice-Hall
_c1975
300 _a684p
942 _cTB
_hX:9 K8;L5
999 _c1276516
_d1276516